000 00507pab a2200181 454500
008 180718b2015 xxu||||| |||| 00| 0 eng d
100 _aShively, Gerald
245 _aAgricultural diversity and child stunting in Nepal
260 _c2015
300 _ap.1078-1096.
362 _aAug
650 _aNutrition - Nepal
650 _aAgricultural production - Nepal
650 _aAgricultural production
700 _aSununtnasuk, Celeste
773 _aJournal of Development Studies
909 _a109324
999 _c109319
_d109319